01174nam a2200349 c 450000100060000000300100000600500170001600700030003300800410003602000150007702000180009204000350011004100080014508200140015308200180016710000460018524500620023125000220029326400620031530000180037733600270039533700330042233800280045552100410048354500450052465000310056965000200060065000460062094200120066699900170067895201290069559126CO-BoRNBP20250910221807.0ta180109s2016 ck e 000 0 spa d a9584250930 a9789584250933 aCO-BoRNBPbspaerdacCO-BoRNBP0 aspa04a465bB17h04a467bB17s222 aBarroso, Sandra Milenad1983-eaut96484210aSe habla español :b¿Cuál? /cSandra Milena Barroso. aPrimera edición 1aBogotá, Colombia :bEditorial Planeta Colombiana,c2016 a208 páginas atextobtxt2rdacontent asin mediaciónbn2rdamedia avolumenbnc2rdacarrier aRecomendado para un público adulto aIncluye datos biográficos de la autora07aAmericanismos2lemb96484307aEspañol2LEMB07aEspañolvPalabras y frases2LEMB964844 2ddccBK c59126d59126 00102ddc40708GENaMEMAPJGAbMEMAPJGAcGENd2025-09-10l0o465 B17hpMPJG00718r2025-09-10 22:18:29tEj.1w2025-09-10yBK